Les plus grands pays commençant par la lettre S - Statistiques

Statistiques générales
  • Ce quiz a été pris 78 fois
    56 depuis la dernière actualisation
  • Le résultat moyen est 4 sur 5
Statistiques - réponses
Superficie (km²) Position dans le monde
en termes de superficie
Pays % Correct
438 574 58 Suède
91%
1 861 484 16 Soudan
85%
637 657 44 Somalie
74%
658 841 42 Soudan du Sud
70%
196 712 88 Sénégal
42%
Aucun quiz correspondant
Distribution des résultats
% des personnes avec chaque résultat
Percentile par nombre de réponses
Votre historique - résultats
Vous n’avez pas pris ce quiz depuis la dernière actualisation